Waukee

Miles Sierra, Anwitha Vempati, Atharva Upadhye, Ben Horning


Current Events - U.S.130.00100%100%100%
Current Events - World220.00100%100%0%
Fine Arts - Ballet/Dance120.00100%100%0%
Fine Arts - Miscellaneous310.0067%33%0%
Fine Arts - Music810.0075%25%0%
Fine Arts - Opera210.00100%0%0%
Fine Arts - Painting42.5025%0%0%
Fine Arts - Photography110.00100%0%0%
Fine Arts - Sculpture210.0050%50%0%
Geography - Europe130.00100%100%100%
Geography - World210.00100%0%0%
History - American313.33100%33%0%
History - Cross, Historiography, and Miscellaneous520.00100%60%40%
History - European616.67100%67%0%
History - World817.50100%75%0%
Literature - American98.8944%33%11%
Literature - British420.00100%75%25%
Literature - European58.0060%20%0%
Literature - World and Miscellaneous75.7157%0%0%
Other - Other Academic and General Knowledge512.0080%20%20%
RMP - Christian Practice110.00100%0%0%
RMP - Hebrew Bible120.00100%100%0%
RMP - Hinduism120.00100%100%0%
RMP - New Testament110.00100%0%0%
RMP - Other Religion210.00100%0%0%
RMP - Philosophy611.67100%17%0%
RMP - World Mythology422.50100%100%25%
Science - Astronomy110.00100%0%0%
Science - Biology512.0060%40%20%
Science - Chemistry514.00100%40%0%
Science - Computer Science210.00100%0%0%
Science - Earth412.50100%25%0%
Science - Engineering and Miscellaneous10.000%0%0%
Science - Physics68.3383%0%0%
Social Science - Anthropology120.00100%100%0%
Social Science - Economics210.00100%0%0%
Social Science - Other215.00100%50%0%
Social Science - Psychology25.0050%0%0%
Social Science - Sociology10.000%0%0%